Kytica dlhých ruží k jubileu prvej dámy slovenského šermu Kataríny Lokšovej-Ráczovej

Bibliographic Details
Main Author: Tomášik, Miroslav (Author)
Format: Article
Language:Slovak
PhysicalDescription:Fotogr.
ISSN:0139-7001
Subjects:
Online Access:http://denniksport.sk/article/148756/kytica-dlhych-ruzi

MARC

LEADER 00000nab a2200000 ar4500
001 vtls010178070
003 SK-MaSNL
005 20260303091949.0
008 101012c20101002xo |||||||||||000 b|slo
015 |a SNBRB2010/10  |2 snkbucl 
038 |a SNKBUCL 
040 |a SNKBUCL  |b slo  |c SNKBUCL  |e AACR2 
041 0 |a slo 
044 |a xo  |c SK 
080 |a 796.86.071  |2 2001 
080 |a 929 Lokšová-Ráczová, Katarína  |2 2001 
100 1 |a Tomášik, Miroslav  |4 aut  |9 388991 
245 1 0 |a Kytica dlhých ruží  |b k jubileu prvej dámy slovenského šermu Kataríny Lokšovej-Ráczovej  |c Miroslav Tomášik 
300 |b Fotogr. 
600 1 7 |a Ráczová-Lokšová, Katarína,  |d 1950-  |2 snkbucl  |9 5058 
650 0 7 |a šerm  |2 snkbucl  |9 3252 
773 0 |t Šport  |g Roč. 64, č. 227 (2.10.2010), s. 34-35  |x 0139-7001 
852 |a SNK  |b KIS3GCP 
856 4 1 |u http://denniksport.sk/article/148756/kytica-dlhych-ruzi 
999 |c 1810113  |d 1812043